[Event "Managua Hurtado Memorial 22nd"]
[Site "Managua"]
[Date "2022.12.27"]
[Round "2"]
[White "Nieto Sanchez, Andy Daniel"]
[Black "Berrios Vanegas, Yanko Antonio"]
[Result "1-0"]
[WhiteElo "1732"]
[BlackElo "1440"]
[PlyCount "111"]
[EventDate "2022.12.26"]
[EventType "swiss"]
[EventRounds "9"]
[EventCountry "NCA"]
[SourceTitle "CBM 212 Extra"]
[Source "ChessBase"]
[SourceDate "2023.03.31"]
[SourceVersion "1"]
[SourceVersionDate "2023.03.31"]
[SourceQuality "1"]

1. e4 e5 2. Nf3 Nc6 3. Nc3 Nf6 4. Bb5 d6 5. d4 exd4 6. Nxd4 Bd7 7. Be3 Be7 8. 0-0 0-0 9. Re1 a6 10. Be2 Re8 11. Bf3 Ne5 12. Be2 Qc8 13. Bf1 b5 14. f3 c5 15. Nb3 Be6 16. Bg5 Qd8 17. Bxf6 Bxf6 18. Nd5 Bxd5 19. Qxd5 Qb6 20. c3 Rac8 21. Kh1 c4 22. Nc1 Re6 23. Qd4 Qd8 24. Qd2 Bh4 25. Re2 Rc5 26. b4 cxb3 27. Nxb3 Rc8 28. Nd4 Rg6 29. Nf5 Nc4 30. Qd1 Bf6 31. a4 Bxc3 32. Rc1 b4 33. Rec2 Nb2 34. Qd5 Rc5 35. Qb3 a5 36. Rxb2 Bxb2 37. Qxb2 Rxc1 38. Qxc1 h6 39. Bc4 Rf6 40. Bd5 Qe8 41. Ne3 Qxa4 42. Ng4 Rg6 43. h3 Qd7 44. Qc4 h5 45. Ne3 Rf6 46. Bc6 Qa7 47. Nd5 Re6 48. Nf4 Re5 49. Bd5 Qb8 50. Bxf7+ Kh7 51. Nxh5 d5 52. Qd4 dxe4 53. f4 Rxh5 54. Qxe4+ Kh8 55. Bxh5 a4 56. Bf7 1-0

[Event "Managua Bayardo Muniz Memorial 4th"]
[Site "Managua"]
[Date "2022.03.06"]
[Round "3"]
[White "Berrios Vanegas, Yanko Antonio"]
[Black "Vanegas Lopez, Natanael Emanuel"]
[Result "1/2-1/2"]
[WhiteElo "1458"]
[BlackElo "1893"]
[PlyCount "52"]
[EventDate "2022.03.05"]
[EventType "tourn"]
[EventRounds "9"]
[EventCountry "NCA"]
[SourceTitle "EXT 2023"]
[Source "ChessBase"]
[SourceDate "2022.10.05"]
[SourceVersion "1"]
[SourceVersionDate "2022.10.05"]
[SourceQuality "1"]

1. e4 e5 2. Nf3 Nc6 3. Bc4 Bc5 4. c3 Nf6 5. d3 0-0 6. 0-0 d5 7. exd5 Nxd5 8. h3 Nb6 9. Bb3 Bf5 10. Bc2 a5 11. Be3 Qe7 12. Qe2 Rfe8 13. Nbd2 Nd5 14. Rac1 Bd6 15. Rfe1 Qd7 16. Qf1 h6 17. a3 Rad8 18. Ne4 Bxe4 19. dxe4 Nf4 20. Rcd1 Qe6 21. Ba4 Qf6 22. Bxf4 Qxf4 23. Bxc6 bxc6 24. Qa6 Rb8 25. Qxc6 Red8 26. b4 Rb6 1/2-1/2

[Event "NCA-chT 1st Stage"]
[Site "Managua"]
[Date "2020.10.10"]
[Round "5.21"]
[White "Vanegas Lopez, Natanael Emanuel"]
[Black "Berrios Vanegas, Yanko Antonio"]
[Result "0-1"]
[WhiteElo "1479"]
[BlackElo "1442"]
[PlyCount "118"]
[EventDate "2020.10.03"]
[EventType "team-swiss"]
[EventRounds "9"]
[EventCountry "NCA"]
[SourceTitle "EXT 2022"]
[Source "ChessBase"]
[SourceDate "2021.10.06"]
[SourceVersion "1"]
[SourceVersionDate "2021.10.06"]
[SourceQuality "1"]

1. d4 Nf6 2. c4 c6 3. Nc3 e6 4. e4 d5 5. e5 Nfd7 6. cxd5 cxd5 7. Nf3 Be7 8. Bd3 Nc6 9. a3 a6 10. Qe2 b5 11. b4 Bb7 12. Bf4 Qb6 13. Be3 0-0 14. Bc2 f5 15. Qd3 Rf7 16. 0-0 Nf8 17. Ne2 Rc8 18. Rfc1 Qd8 19. Qd2 a5 20. bxa5 Nxa5 21. Bd3 Nb3 22. Qb2 Nxc1 23. Rxc1 Rxc1+ 24. Bxc1 Bc6 25. Qc3 Qb6 26. Bd2 Ng6 27. g3 h6 28. h4 Bf8 29. h5 Nh8 30. Nf4 Re7 31. Nh4 Re8 32. Bc2 Bd7 33. g4 Rc8 34. Qd3 Rc4 35. gxf5 Rxd4 36. Qe2 Rc4 37. Bd3 Ra4 38. f6 Qd4 39. fxg7 Bxg7 40. Be3 Qxe5 41. Bxb5 Bxb5 42. Qxb5 Rxf4 43. Bxf4 Qxf4 44. Qe8+ Kh7 45. Ng2 Qc1+ 46. Kh2 Be5+ 47. f4 Bxf4+ 48. Nxf4 Qxf4+ 49. Kg2 Qf7 50. Qc8 e5 51. Qc2+ e4 52. Qd2 Qf3+ 53. Kg1 Qxh5 54. Qb4 Nf7 55. a4 e3 56. a5 Qg5+ 57. Kf1 Qf6+ 58. Ke2 Qf2+ 59. Kd3 Ne5+ 0-1

[Event "NCA-ch Fiestas Patrias op"]
[Site "Managua"]
[Date "2020.08.30"]
[Round "3"]
[White "Berrios Vanegas, Yanko Antonio"]
[Black "Granados Diaz, Maria Esther"]
[Result "0-1"]
[WhiteElo "1440"]
[BlackElo "1839"]
[PlyCount "58"]
[EventDate "2020.08.29"]
[EventType "swiss"]
[EventRounds "9"]
[EventCountry "NCA"]
[SourceTitle "EXT 2022"]
[Source "ChessBase"]
[SourceDate "2021.10.06"]
[SourceVersion "1"]
[SourceVersionDate "2021.10.06"]
[SourceQuality "1"]

1. Nf3 d5 2. d4 Nf6 3. Nc3 e6 4. Bf4 a6 5. h3 c5 6. e3 Nc6 7. Be2 Bd6 8. Bxd6 Qxd6 9. a3 0-0 10. 0-0 b5 11. Bd3 e5 12. dxe5 Nxe5 13. Nxe5 Qxe5 14. Rb1 Bb7 15. Re1 Rad8 16. Bf1 Qc7 17. Ne2 Rfe8 18. c3 Ne4 19. Nf4 d4 20. cxd4 cxd4 21. Qc1 Qb6 22. b4 Qf6 23. Rb2 dxe3 24. fxe3 Rc8 25. Qa1 Ng3 26. Bd3 g5 27. Ne2 Rxe3 28. Qb1 Rce8 29. Rb3 Nxe2+ 0-1

[Event "Managua Ramirez de Arellano Memorial"]
[Site "Managua"]
[Date "2020.07.12"]
[Round "2"]
[White "Berrios Vanegas, Yanko Antonio"]
[Black "Pichardo, Carlos"]
[Result "0-1"]
[WhiteElo "1466"]
[BlackElo "1667"]
[PlyCount "44"]
[EventDate "2020.07.11"]
[EventType "swiss"]
[EventRounds "9"]
[EventCountry "NCA"]
[SourceTitle "EXT 2021"]
[Source "ChessBase"]
[SourceDate "2020.10.23"]
[SourceVersion "1"]
[SourceVersionDate "2020.10.23"]
[SourceQuality "1"]

1. e4 e6 2. d4 d5 3. Nc3 Bb4 4. Bd3 c5 5. dxc5 dxe4 6. Bb5+ Bd7 7. Bxd7+ Nxd7 8. Bd2 Ngf6 9. Nge2 Nxc5 10. a3 Bxc3 11. Bxc3 Qxd1+ 12. Rxd1 Rd8 13. Nf4 Rxd1+ 14. Kxd1 0-0 15. Bxf6 gxf6 16. Ke2 Rd8 17. Ke3 f5 18. h3 Na4 19. b3 Nc3 20. g4 e5 21. gxf5 exf4+ 22. Kxf4 f6 0-1

[Event "Managua Gomez Argenal Memorial"]
[Site "Managua"]
[Date "2020.06.21"]
[Round "8"]
[White "Vanegas Lopez, Natanael Emanuel"]
[Black "Berrios Vanegas, Yanko Antonio"]
[Result "1-0"]
[WhiteElo "1371"]
[BlackElo "1462"]
[PlyCount "133"]
[EventDate "2020.06.06"]
[EventType "swiss"]
[EventRounds "9"]
[EventCountry "NCA"]
[SourceTitle "CBM 197 Extra"]
[Source "ChessBase"]
[SourceDate "2020.09.30"]
[SourceVersion "1"]
[SourceVersionDate "2020.09.30"]
[SourceQuality "1"]

1. d4 Nf6 2. c4 c5 3. d5 d6 4. Nc3 e6 5. e4 Be7 6. Bd3 Bd7 7. Nge2 Na6 8. a3 Nc7 9. 0-0 0-0 10. h3 a6 11. f4 exd5 12. cxd5 b5 13. e5 Nfxd5 14. Nxd5 dxe5 15. Nxe7+ Qxe7 16. fxe5 Rad8 17. Qc2 g6 18. Bh6 Rfe8 19. Nc3 Qh4 20. Bf4 Ne6 21. Qf2 Qxf2+ 22. Rxf2 Nxf4 23. Rxf4 Rxe5 24. Raf1 Be6 25. Bc2 Rg5 26. Kh2 Rd2 27. R1f2 Rd7 28. Ne4 Rgd5 29. Nf6+ Kg7 30. Nxd5 Rxd5 31. Bb3 c4 32. Bc2 a5 33. Rf1 Rd2 34. R4f2 Rd5 35. Rd1 Rc5 36. Be4 h5 37. Rfd2 b4 38. axb4 axb4 39. Rc1 Re5 40. Bf3 Re3 41. Bd5 c3 42. bxc3 bxc3 43. Rd4 Bf5 44. Bb3 g5 45. Bc2 Be6 46. Rd3 Re2 47. Rxc3 Bd5 48. Rg1 h4 49. Bd1 Rd2 50. Bf3 Be6 51. Rc7 Kg6 52. Rc6 Rd4 53. Bg4 Re4 54. Bxe6 fxe6 55. Rf1 Re3 56. Kg1 Re5 57. Rf3 Re2 58. Kf1 Re4 59. Kf2 Kh5 60. Re3 Rf4+ 61. Kg1 g4 62. Re5+ Kg6 63. Rexe6+ Kf7 64. hxg4 Rxg4 65. Kh2 Rf4 66. Ra6 Rf5 67. Reb6 1-0

[Event "NCA-chT fase1"]
[Site "Managua"]
[Date "2019.09.29"]
[Round "3.1"]
[White "Vanegas Lopez, Natanael Emanuel"]
[Black "Berrios Vanegas, Yanko Antonio"]
[Result "1/2-1/2"]
[WhiteElo "1435"]
[BlackElo "1554"]
[PlyCount "131"]
[EventDate "2019.09.28"]
[EventType "team-swiss"]
[EventRounds "9"]
[EventCountry "NCA"]
[SourceTitle "CBM 194 Extra"]
[Source "ChessBase"]
[SourceDate "2020.03.31"]
[SourceVersion "1"]
[SourceVersionDate "2020.03.31"]
[SourceQuality "1"]
[WhiteTeam "Los Jackers"]
[BlackTeam "Sandino"]
[WhiteTeamCountry "NCA"]
[BlackTeamCountry "NCA"]

1. e4 e5 2. Nf3 d6 3. Nc3 Nf6 4. d3 Nc6 5. Be3 Be7 6. Be2 0-0 7. 0-0 a6 8. d4 exd4 9. Nxd4 Ne5 10. f4 Ned7 11. Nf5 Re8 12. Nxe7+ Qxe7 13. Bf3 c6 14. Bd4 c5 15. Bxf6 Qxf6 16. Nd5 Qd8 17. f5 f6 18. Re1 b5 19. Ne7+ Kf8 20. Nxc8 Rxc8 21. Qxd6+ Kg8 22. Qxa6 b4 23. Red1 Qc7 24. Qd6 Ne5 25. Qxc7 Rxc7 26. b3 Ra8 27. Rd5 Kf8 28. Bh5 Ke7 29. Rad1 g6 30. fxg6 hxg6 31. Be2 Rxa2 32. R5d2 Ra8 33. h3 Rh8 34. Ra1 Nc6 35. Bb5 Nd4 36. Bd3 Rxh3 37. Kf2 Rh8 38. Kg3 Kd6 39. Ra6+ Rc6 40. Rf2 Ke5 41. Ra7 Re8 42. Rd7 Rd6 43. Rc7 Nxb3 44. Bc4 Nd4 45. Rxc5+ Kxe4 46. Bd3+ Ke3 47. Rf4 Re5 48. Rxe5+ fxe5 49. Re4+ Kd2 50. Rxe5 Nxc2 51. Bc4 Kc3 52. Bf7 b3 53. Bxb3 Kxb3 54. Kg4 Kc4 55. Kg5 Kd4 56. Re7 Ne3 57. Rg7 Nxg2 58. Rxg6 Rd5+ 59. Kh6 Nf4 60. Rg4 Rf5 61. Kg7 Ke5 62. Rh4 Ne6+ 63. Kg6 Nf8+ 64. Kg7 Rf6 65. Rh5+ Ke6 66. Rh6 1/2-1/2

[Event "Managua Ramirez de Arellano Memorial"]
[Site "Managua"]
[Date "2019.07.14"]
[Round "2"]
[White "Allen Montes, Charles Mijail"]
[Black "Berrios Vanegas, Yanko Antonio"]
[Result "1/2-1/2"]
[WhiteElo "1416"]
[BlackElo "1554"]
[PlyCount "63"]
[EventDate "2019.07.13"]
[EventType "swiss"]
[EventRounds "9"]
[EventCountry "NCA"]
[SourceTitle "EXT 2020"]
[Source "ChessBase"]
[SourceDate "2019.10.17"]
[SourceVersion "1"]
[SourceVersionDate "2019.10.17"]
[SourceQuality "1"]

1. e4 e5 2. Nf3 d6 3. d4 exd4 4. Nxd4 Nf6 5. Nc3 c6 6. Bc4 Be7 7. Bf4 0-0 8. 0-0 Nxe4 9. Nxe4 d5 10. Bxd5 Qxd5 11. Nc3 Qa5 12. Nb3 Qf5 13. Bg3 Rd8 14. Qe2 Be6 15. Rfd1 Na6 16. Nd4 Qg6 17. Nxe6 Qxe6 18. Qxe6 fxe6 19. a3 Bf6 20. Rxd8+ Rxd8 21. Rd1 Rxd1+ 22. Nxd1 Nc5 23. Kf1 b5 24. f3 a5 25. Bc7 a4 26. c3 Kf7 27. Ke2 h5 28. Ke3 e5 29. Bd6 Nb7 30. Bb8 Ke6 31. Ba7 Kd5 32. Kd3 1/2-1/2

[Event "Managua Gomez Argenal Memorial 19th"]
[Site "Managua"]
[Date "2019.06.16"]
[Round "8"]
[White "Lopez Lopez, Manuel"]
[Black "Berrios Vanegas, Yanko Antonio"]
[Result "1/2-1/2"]
[WhiteElo "1451"]
[BlackElo "1577"]
[PlyCount "85"]
[EventDate "2019.06.16"]
[EventType "swiss"]
[EventRounds "9"]
[EventCountry "NCA"]
[SourceTitle "EXT 2020"]
[Source "ChessBase"]
[SourceDate "2019.10.17"]
[SourceVersion "1"]
[SourceVersionDate "2019.10.17"]
[SourceQuality "1"]

1. e4 e5 2. Nf3 d6 3. Nc3 Nf6 4. Bc4 Be7 5. 0-0 c5 6. d3 0-0 7. Nd5 Nxd5 8. Bxd5 Nd7 9. Bd2 Nb6 10. Ba5 Qd7 11. Bxb6 axb6 12. c3 b5 13. b4 Qc7 14. Qb3 Rb8 15. Rfc1 b6 16. c4 bxc4 17. Qxc4 Bg4 18. Kf1 Qd7 19. Ke2 Bh5 20. Rg1 Rfc8 21. b5 Kf8 22. h3 f6 23. Be6 Qe8 24. Bxc8 Rxc8 25. a4 Bf7 26. Qc1 c4 27. d4 exd4 28. Nxd4 d5 29. f3 Bc5 30. Qe3 Qe5 31. Rgd1 Re8 32. a5 bxa5 33. Rxa5 Qc7 34. Rda1 Qe5 35. Ne6+ Rxe6 36. Qxc5+ Kg8 37. Ra8+ Be8 38. Rd1 dxe4 39. Rxe8+ Rxe8 40. Qxc4+ Kf8 41. Qb4+ Kg8 42. Qb3+ Kf8 43. Qb4+ 1/2-1/2

[Event "Managua Gomez Argenal Memorial 19th"]
[Site "Managua"]
[Date "2019.06.09"]
[Round "6"]
[White "Allen Montes, Charles Mijail"]
[Black "Berrios Vanegas, Yanko Antonio"]
[Result "0-1"]
[WhiteElo "1419"]
[BlackElo "1577"]
[PlyCount "72"]
[EventDate "2019.06.16"]
[EventType "swiss"]
[EventRounds "9"]
[EventCountry "NCA"]
[SourceTitle "EXT 2020"]
[Source "ChessBase"]
[SourceDate "2019.10.17"]
[SourceVersion "1"]
[SourceVersionDate "2019.10.17"]
[SourceQuality "1"]

1. e4 d6 2. d4 e6 3. Bd3 Nf6 4. Ne2 Nc6 5. a3 e5 6. d5 Ne7 7. 0-0 Ng6 8. f3 Be7 9. Be3 c6 10. c4 0-0 11. Nbc3 Bd7 12. Rc1 b6 13. Qd2 c5 14. Ng3 Re8 15. f4 exf4 16. Bxf4 Ne5 17. Bxe5 dxe5 18. Nf5 Bf8 19. Qg5 Bxf5 20. Rxf5 a6 21. Rcf1 Be7 22. Qg3 Qd6 23. Qxe5 Qxe5 24. Rxe5 Ng4 25. Rh5 Bf6 26. Rf4 Bd4+ 27. Kf1 Ne5 28. Ke2 g6 29. Rh3 Kg7 30. Kd2 Rad8 31. Kc2 g5 32. Rf5 f6 33. b3 Ng4 34. Nd1 Bg1 35. Rf1 Bd4 36. Rg3 Nxh2 0-1